logo

Bir Sreshtho Munshi Abdur Rouf Library
Jhenaidah Cadet College

উচ্চ মাধ্যমিক পদার্থ বিজ্ঞান প্রথম খন্ড / (Record no. 9690)

MARC details
000 -LEADER
fixed length control field 00938nam a22002417a 4500
001 - CONTROL NUMBER
JCCL Control Number 9690
003 - CONTROL NUMBER IDENTIFIER
JCCL marc code OSt
005 - DATE AND TIME OF LATEST TRANSACTION
control field 20221018134024.0
008 - FIXED-LENGTH DATA ELEMENTS--GENERAL INFORMATION
fixed length control field 180322b1982 bg ||||| |||| 00| 0 ben d
035 ## - SYSTEM CONTROL NUMBER
system control number (BD-JhCC)9690
040 ## - CATALOGING SOURCE
Original cataloging agency BD-JhCC
Modifying agency BD-JhCC
041 ## - LANGUAGE CODE
Language code of Book ben
082 ## - DEWEY DECIMAL CLASSIFICATION NUMBER
Classification number 530.00
Author mark and Year TAP 1982
100 ## - MAIN ENTRY--PERSONAL NAME
Personal name তপন, ডক্টর শাহজাহান
245 ## - TITLE STATEMENT
Title উচ্চ মাধ্যমিক পদার্থ বিজ্ঞান প্রথম খন্ড /
Statement of responsibility, etc ডক্টর শাহজাহান তপন, মুহাম্মদ আজিজ হাসান এবং রানা চৌধুরী
260 ## - PUBLICATION, DISTRIBUTION, ETC. (IMPRINT)
Place of publication, distribution, etc ঢাকা :
Name of publisher, distributor, etc হাসান বুক হাউস
Date of publication, distribution, etc 1982.
300 ## - PHYSICAL DESCRIPTION
Pagination 110 o. :
Dimensions 24 †g.
650 ## - SUBJECT ADDED ENTRY--TOPICAL TERM
Topical term or geographic name as entry element Physics
700 ## - ADDED ENTRY--PERSONAL NAME
Personal name হাসান, মুহাম্মদ আজিজ
700 ## - ADDED ENTRY--PERSONAL NAME
Personal name চৌধুরী, রানা
942 ## - ADDED ENTRY ELEMENTS (KOHA)
Source of classification or shelving scheme Dewey Decimal Classification
Koha item type Books
Koha issues (borrowed), all copies 16
Holdings
Source of classification or shelving scheme Damaged status Not for loan Home library Current library Shelving location Date of accession Cost, normal purchase price Total Checkouts Full call number Barcode Date last seen Copy number Koha item type Date checked out
Dewey Decimal Classification     JCC Rouf Library JCC Rouf Library General Stacks 03/22/2018 100.00   530 TAP 2019 11747 03/22/2018 C-1 Books  
Dewey Decimal Classification     JCC Rouf Library JCC Rouf Library General Stacks 08/28/2019 304.00 5 530 TAP 2019 15617 07/08/2024 C-2 Books 07/01/2024
Dewey Decimal Classification     JCC Rouf Library JCC Rouf Library General Stacks 08/28/2019 304.00 11 530 TAP 2019 15615 12/18/2025 C-4 Books 11/04/2025

JCC Library | Contacts | JCC Home

Last Update on 23 September 2017
Copyright @ 2017-2020 JCC Rouf Library
Rouf Library, Jhenidah Cadet College (JCC), Bangladesh